000
00326 a2200157 4500
001
193032
020
_a
978-1-4082-6404-1
040
_c
Magnum
100
_a
Hearn, Izabella
240
1
0
_a
African safari
_l
por
245
1
0
_a
African safari
300
_a
22
362
0
_a
2012
697
_a
LITERATURA INGLESA
942
_c
BK
999
_c
193032
_d
193032